Vilken Stad i Tyskland? - Statistics

General Stats
  • This quiz has been taken 65 times
  • The average score is 12 of 20
Answer Stats
Ledtråd Bokstav Stad % Correct
Tysklands huvudstad B Berlin
100%
Denna "fria och Hansan staden" har Tysklands största hamn H Hamburg
91%
Bayerns huvudstad. Den olympiska spelen i 1972 tog plats här M München
91%
Tysklands finansiella huvudstad, hem till den Europeiska centralbanken F Frankfurt
80%
Där tribunaler och rättegångar mot Nazisterna tog plats after andra världskriget N Nürnberg
80%
Västtysklands huvudstad, 1949-1990 B Bonn
78%
Andra bokstaven i denna stadens namn är "ü" D Düsseldorf
76%
Hem till Porsche och Mercedes S Stuttgart
72%
Den kungliga huset från denna stad styrde över Storbritannien mellan 1714-1901 H Hannover
70%
Denna stadens domkyrka vas världens högsta byggnad mellan åren 1880-1884 K Köln
70%
Största tyska staden på Östersjön K Kiel
63%
Var bombad med flygplaner från USA och Storbritannien i 1945 D Dresden
61%
Där Johann Sebastian Bach dog L Leipzig
54%
Den västligaste staden i Tyskland och Karl den stores hemstad A Aachen
48%
Nionde största staden i Tyskland. Hem till Kruppkoncernen E Essen
41%
Där Tysklands äldsta universitet grundades H Heidelberg
39%
"De tre stora" allierade makterna möttes här i Augusti, 1945 P Potsdam
39%
Karl Benz uppfann automobilen när han jobbade i denna staden M Mannheim
30%
Denna stad gav namn åt en stat i östra Tyskland B Brandenburg
28%
Denna stad finns inte faktiskt B Bielefeld
24%
No matching quizzes found
Score Distribution
Percent of People with Each Score
Percentile by Number Answered
Your Score History
You have not taken this quiz